| 000 | 00763nam a22002297a 4500 | ||
|---|---|---|---|
| 010 | _aENG-112137 | ||
| 020 |
_a9780199453559 _c1295.00 |
||
| 020 |
_a0199453551 _c1295.00 |
||
| 035 | _aEN-95669 | ||
| 037 | _bDBAD/PUB | ||
| 082 | _a891.4 | ||
| 245 |
_aInnovations and turning points : _cedited by Vigal Bronner, David Shulman [and] Gary Tubb _btowards a history of kavya literature / |
||
| 260 |
_aNew Delhi _bOxford University Press _c2014 |
||
| 270 |
_aYMCA Library Building, 1, Jai Singh Road, _bNew Delhi _e110001 |
||
| 300 |
_axv,805p. _c25cm(Hb) |
||
| 490 | _aSouth Asia research ;edited by Patrick Olivelle | ||
| 500 | _aIncludes index | ||
| 700 | _aBronner,Vigal | ||
| 700 | _aShulman,David | ||
| 700 | _aTubb,Gary | ||
| 942 |
_2ddc _cEN _mINN _e891.4 |
||
| 999 |
_c91327 _d91327 |
||